Разрешителни за пътувания, издавани от Русенската църковно-народна община, и преминаванията на Васил Левски през Дунава (1867-1870) (Запис номер 533905)
[ съкратено ]
| 000 -Лидер | |
|---|---|
| Лидер | 02092aaa a2200277 a 4500 |
| 003 - Код на организацията, давaща контролен номер | |
| Код на организацията, даваща контролен номер | BLK |
| 005 - Дата и час на последна редакция | |
| Дата и час на последна редакция | 20250424154817.0 |
| 007 - Фиксирано поле за физическо описани | |
| Физическо описание | ta |
| 008 - Елементи от данни с фиксирана дължина | |
| Елементи с фиксирана дължина | 221104b bu |||||r|||| 00| | bu d |
| 040 ## - Източник на каталожния запис | |
| Код на библиотеката | BLK |
| 041 ## - Код за език | |
| Език | Български |
| Език за КДБФ | Български |
| 080 ## - УДК | |
| УДК текст | Националноосвободителното движение в България (1856-1877) |
| УДК код | 94(497.2)"1856/1877" |
| УДК – код + определител | 94(497.2)"1856/1877"(092) |
| 080 ## - УДК | |
| УДК текст | Васил Иванов Кунчев, известен и като Апостола на свободата, идеолог и организатор на българската национална революция, национален герой |
| УДК код | 929 Левски, Васил |
| УДК – определител | 929 Левски, Васил |
| 100 ## - Редна дума - Автор | |
| R(LIN) | 365633 |
| Автор | Антонова, Веселина Йорданова |
| 245 ## - Сведения за заглавието | |
| Заглавие | Разрешителни за пътувания, издавани от Русенската църковно-народна община, и преминаванията на Васил Левски през Дунава (1867-1870) |
| Авторска отговорност | Веселина Антонова |
| 300 ## - Физическа характеристика | |
| Брой страници | с. 52-71 |
| 504 ## - Забележка за наличие на библиография и др | |
| Библиография | С библиогр. |
| 520 ## - Забележка за наличие на резюме, анотация и т.н | |
| Анотация, рецензия | Документи от Книгите за регистриране на разрешителни за пътувания на българи (1867-1870), съхранявани в Държавен архив - Русе, с информация за многократни преминавания на Левски през граничен пункт Русе в периода септември 1867 - юни 1870 г. |
| 600 14 - Име на лице, използвано като предмет | |
| 9 (RLIN) | 88153 |
| За него / За нея | Левски, Васил |
| 653 ## - Ключова дума – ненормативна | |
| 9 (RLIN) | 195345 |
| Ключови думи | революционери |
| 653 ## - Ключова дума – ненормативна | |
| 9 (RLIN) | 185390 |
| Ключови думи | документи |
| 773 0# - Описание на основна библиографска единица при аналитични записи (многотомни) | |
| Заглавие на източника | 150 години безсмъртие: Васил Левски, революцията и бъдещият свят |
| Място на издаване, издател и година | София Акад. изд. Проф. Марин Дринов 2024 |
| Контролен номер на записа | 523205 |
| Международен стандартен номер на книгата ISBN | 9786192454395 |
| Информация за връзката | . // |
| 856 ## - Електронен адрес и достъп | |
| Инструкция (цена за достъп) | 0.00 |
| Права за достъп | disable |
| 942 ## - АРТИКУЛИ | |
| Източник на класификационната схема | Universal Decimal Classification |
| Вид на библиотечния документ | Статия |
| Скрит в OPAC | Не |
| 944 ## - СЪЗДАВАНЕ И РЕДАКЦИЯ на ЗАПИСА | |
| Създаване/Редакция | |
| Дата на регистрацията/редакция | Валя Йорданова |
| Служител, извършил регистрацията/редакцията | 30558 |
| Номер на служител | Валя Йорданова |
| 999 ## - СИСТЕМНИ КОНТРОЛНИ НОМЕРА | |
| Koha biblionumber | 533905 |
| Koha biblioitemnumber | 533905 |
Няма налични копия.